000 01253nam a22004097a 4500
001 0024416
003 KOHA_MİRAKIL
005 20260207002439.0
007 ta
008 101112b2009 tu |||gr||||#||||0|tur |
020 _a6053951773
020 _a9786053951773
_c16,89
040 _aTR-BiSEU
_btur
_cTR-BiSEU
_erda
041 0 _atur
044 _ctu
050 _aTA710
_b.O93 2009
100 1 _aÖzçep, Ferhat.
245 1 _aZeminlerin geoteknik ve jeofizik analizi :
_b(inşaatların tasarımı sürecinde)/
_cFerhat Özçep ; Ferhat Özçep.
250 _a1.basım
264 1 _aAnkara :
_bNobel Yayın Dağıtım
_c2009
300 _axiv, 609 sayfa: resimli, tablo; 24 cm.
336 _ametin
_btxt
_2rdacontent
337 _aaracısız
_bn
_2rdamedia
338 _acilt
_bnc
_2rdacarrier
490 1 _aNobel yayın ;
_vno.
490 1 _a1380.
490 1 _aTeknik Bilimler dizisi ;
_v103.
490 1 _aTeknik bilimler ;
_v103.
500 _aKaynakça var.
650 0 _aZemin mekaniği.
_91546
650 0 _aSoil mechanics.
_94942
830 1 _aNobel yayın ;
_vno.
_91510
830 1 _a1380.
_949868
830 1 _aTeknik Bilimler dizisi ;
_v103.
_949869
830 1 _aTeknik bilimler ;
_v103.
_91837
942 _2lcc
_cBK
999 _c24368
_d24368